[Event "GER-ch Net blitz qual5"]
[Site "Playchess.com INT"]
[Date "2020.03.28"]
[Round "10"]
[White "Grabow, Carsten"]
[Black "Lerch, Martin Erik"]
[Result "0-1"]
[WhiteElo "2067"]
[BlackElo "1889"]
[PlyCount "42"]
[EventDate "2020.03.28"]
[EventType "swiss (blitz)"]
[EventRounds "13"]
[EventCountry "GER"]
[SourceTitle "CBM 195 Extra"]
[Source "ChessBase"]
[SourceDate "2020.05.31"]
[SourceVersion "1"]
[SourceVersionDate "2020.05.31"]
[SourceQuality "1"]

1. e4 e6 2. d4 d5 3. Nd2 Nf6 4. e5 Nfd7 5. c3 c5 6. f4 Nc6 7. Ndf3 Qb6 8. a3 Be7 9. h4 0-0 10. Bd3 cxd4 11. cxd4 f6 12. h5 fxe5 13. fxe5 Ndxe5 14. dxe5 Nxe5 15. Qe2 Ng4 16. Rb1 Bd6 17. Rh3 e5 18. Bxh7+ Kxh7 19. Ng5+ Kg8 20. N1f3 e4 21. Qd1 Qf2# 0-1

[Event "GER-ch Net blitz qual5"]
[Site "Playchess.com INT"]
[Date "2020.03.28"]
[Round "7"]
[White "Grabow, Carsten"]
[Black "Namyslo, Holger"]
[Result "0-1"]
[WhiteElo "2067"]
[BlackElo "2290"]
[PlyCount "60"]
[EventDate "2020.03.28"]
[EventType "swiss (blitz)"]
[EventRounds "13"]
[EventCountry "GER"]
[SourceTitle "CBM 195 Extra"]
[Source "ChessBase"]
[SourceDate "2020.05.31"]
[SourceVersion "1"]
[SourceVersionDate "2020.05.31"]
[SourceQuality "1"]

1. e4 e6 2. d4 d5 3. Nd2 Nf6 4. e5 Nfd7 5. c3 c5 6. f4 Nc6 7. Ndf3 Qb6 8. a3 f6 9. Bd3 Be7 10. g3 a5 11. Bc2 a4 12. Bxa4 cxd4 13. Bxc6 bxc6 14. cxd4 c5 15. Ne2 cxd4 16. Nexd4 Ba6 17. b4 fxe5 18. fxe5 0-0 19. Be3 Rxf3 20. Qxf3 Nxe5 21. Qd1 Nd3+ 22. Kd2 Nb2 23. Qg4 Nc4+ 24. Kc3 Nxe3 25. Qxe6+ Qxe6 26. Nxe6 Bf6+ 27. Kb3 Bxa1 28. Rxa1 Bc4+ 29. Kc3 Rc8 30. Kd4 Nc2+ 0-1

[Event "GER-ch Net blitz qual5"]
[Site "Playchess.com INT"]
[Date "2020.03.28"]
[Round "2"]
[White "Grabow, Carsten"]
[Black "Tiarks, Jann Christian"]
[Result "1-0"]
[WhiteElo "2067"]
[BlackElo "2159"]
[PlyCount "87"]
[EventDate "2020.03.28"]
[EventType "swiss (blitz)"]
[EventRounds "13"]
[EventCountry "GER"]
[SourceTitle "CBM 195 Extra"]
[Source "ChessBase"]
[SourceDate "2020.05.31"]
[SourceVersion "1"]
[SourceVersionDate "2020.05.31"]
[SourceQuality "1"]

1. e4 c5 2. Nf3 d6 3. d4 cxd4 4. Nxd4 Nf6 5. Nc3 a6 6. Rg1 e6 7. g4 h6 8. h4 Nc6 9. g5 hxg5 10. hxg5 Nd7 11. g6 Nxd4 12. gxf7+ Kxf7 13. Qxd4 Nf6 14. Bg5 b5 15. 0-0-0 Qc7 16. f4 e5 17. fxe5 dxe5 18. Qf2 Be6 19. Bd3 Bc5 20. Be3 Rh2 21. Qe1 Rah8 22. Bxc5 Qxc5 23. Qg3 R8h7 24. Rdf1 R2h3 25. Qg6+ Kf8 26. Nd5 Bxd5 27. exd5 Rxd3 28. Qxd3 Kg8 29. d6 Rh2 30. d7 Nxd7 31. Rxg7+ Kxg7 32. Qxd7+ Kg6 33. Qf7+ Kg5 34. Qg7+ Kh4 35. Qf6+ Kh3 36. Qf3+ Kh4 37. Qf6+ Kh3 38. Rf3+ Kg2 39. Rf1 Rh3 40. Qf5 Rg3 41. Rd1 Rf3 42. Qg4+ Rg3 43. Qe4+ Kh2 44. Rh1# 1-0

[Event "GER-ch Net blitz qual4"]
[Site "Playchess.com INT"]
[Date "2020.03.23"]
[Round "7"]
[White "Grabow, Carsten"]
[Black "Flach, Erich"]
[Result "1-0"]
[WhiteElo "2067"]
[BlackElo "2073"]
[PlyCount "97"]
[EventDate "2020.03.23"]
[EventType "swiss (blitz)"]
[EventRounds "9"]
[EventCountry "GER"]
[SourceTitle "CBM 195 Extra"]
[Source "ChessBase"]
[SourceDate "2020.05.31"]
[SourceVersion "1"]
[SourceVersionDate "2020.05.31"]
[SourceQuality "1"]

1. e4 c5 2. Nf3 e6 3. d4 cxd4 4. Nxd4 a6 5. Nc3 Qc7 6. Be2 Bb4 7. Bd2 Nc6 8. Nxc6 dxc6 9. a3 Bd6 10. h3 Nf6 11. 0-0 e5 12. Bg5 Nd7 13. Qd3 0-0 14. Rad1 Bc5 15. Qg3 Re8 16. Bh6 Bf8 17. Bc4 Nb6 18. Ba2 Be6 19. Bxe6 Rxe6 20. Be3 Nc4 21. Bc1 Bc5 22. b3 Nxa3 23. Na4 Bf8 24. Rd2 Nb5 25. Rfd1 Qa5 26. Rd7 Nd4 27. Bd2 Ne2+ 28. Kh2 Nxg3 29. Bxa5 Nxe4 30. Rxb7 Nxf2 31. Rdd7 Ne4 32. Rxf7 Nd6 33. Rxf8+ Kxf8 34. Rd7 Nf5 35. Bb4+ Kg8 36. Nc5 Rd6 37. Rc7 Rd5 38. Ne4 Rd1 39. Bc3 Ne3 40. Bxe5 Nxc2 41. Rxg7+ Kf8 42. Ng5 h6 43. Ne6+ Ke8 44. Bf6 Rd7 45. Rg8+ Kf7 46. Rxa8 Kxf6 47. Nc5 Rd2 48. Ne4+ Kf5 49. Nxd2 1-0

[Event "GER-ch Net blitz qual4"]
[Site "Playchess.com INT"]
[Date "2020.03.23"]
[Round "6"]
[White "Lantzsch, Christian"]
[Black "Grabow, Carsten"]
[Result "0-1"]
[WhiteElo "2178"]
[BlackElo "2067"]
[PlyCount "116"]
[EventDate "2020.03.23"]
[EventType "swiss (blitz)"]
[EventRounds "9"]
[EventCountry "GER"]
[SourceTitle "CBM 195 Extra"]
[Source "ChessBase"]
[SourceDate "2020.05.31"]
[SourceVersion "1"]
[SourceVersionDate "2020.05.31"]
[SourceQuality "1"]

1. e4 c5 2. b3 Nc6 3. Bb2 Nf6 4. e5 Nd5 5. c4 Nc7 6. Nf3 Ne6 7. Nc3 g6 8. g3 Bg7 9. Ne4 Qc7 10. Bg2 Nxe5 11. Nxe5 Bxe5 12. Bxe5 Qxe5 13. 0-0 0-0 14. Nc3 Rb8 15. Re1 Qg7 16. Nd5 Re8 17. d3 b6 18. a4 Bb7 19. a5 Bxd5 20. Bxd5 Nd4 21. axb6 axb6 22. Ra7 e6 23. Bg2 Red8 24. b4 h5 25. Qa4 d6 26. Ra1 Qf6 27. bxc5 bxc5 28. h3 Kg7 29. Qa2 Rb6 30. Rb1 Ne2+ 31. Kf1 Nc3 32. Rxb6 Nxa2 33. Rxa2 Qc3 34. Ra7 Qxd3+ 35. Kg1 Qxc4 36. Rbb7 Rf8 37. h4 d5 38. Bh3 Qc1+ 39. Kg2 Qe1 40. Rc7 c4 41. Rab7 d4 42. Re7 Kf6 43. g4 Qe4+ 44. f3 Qe2+ 45. Kg3 Qe1+ 46. Kg2 hxg4 47. fxg4 Qxh4 48. Red7 Qe1 49. Rbc7 Qe2+ 50. Kg3 c3 51. Bg2 Qe3+ 52. Bf3 Kg7 53. Kg2 g5 54. Rd6 e5 55. Rcd7 Qd2+ 56. Kg3 c2 57. Bd5 Qf4+ 58. Kg2 c1Q 0-1

[Event "GER-ch Net blitz qual4"]
[Site "Playchess.com INT"]
[Date "2020.03.23"]
[Round "3"]
[White "Windmueller, Simon"]
[Black "Grabow, Carsten"]
[Result "0-1"]
[WhiteElo "1467"]
[BlackElo "2067"]
[PlyCount "60"]
[EventDate "2020.03.23"]
[EventType "swiss (blitz)"]
[EventRounds "9"]
[EventCountry "GER"]
[SourceTitle "CBM 195 Extra"]
[Source "ChessBase"]
[SourceDate "2020.05.31"]
[SourceVersion "1"]
[SourceVersionDate "2020.05.31"]
[SourceQuality "1"]

1. e4 c5 2. Nf3 Nc6 3. d4 cxd4 4. Nxd4 Nf6 5. Nc3 e5 6. Nb3 Bb4 7. a3 Bxc3+ 8. bxc3 Nxe4 9. Bc4 0-0 10. Qf3 d5 11. Bd3 f5 12. Nd2 Nxc3 13. Bxf5 Rxf5 14. Qxc3 Nd4 15. Nf3 Nxf3+ 16. gxf3 Be6 17. Rg1 Rc8 18. Qb2 d4 19. Bh6 g6 20. Qxb7 Rf7 21. Qe4 Bd5 22. Qxe5 Re7 23. Qxe7 Qxe7+ 24. Kd2 Bxf3 25. Rge1 Qc5 26. Ra2 Qc3+ 27. Kc1 Qxe1+ 28. Kb2 Qc3+ 29. Kc1 Qe1+ 30. Kb2 Rb8# 0-1

[Event "GER-ch Net blitz qual3"]
[Site "Playchess.com INT"]
[Date "2020.03.21"]
[Round "9"]
[White "Acikel, Mert"]
[Black "Grabow, Carsten"]
[Result "0-1"]
[WhiteElo "2149"]
[BlackElo "2067"]
[PlyCount "40"]
[EventDate "2020.03.21"]
[EventType "swiss (blitz)"]
[EventRounds "9"]
[EventCountry "GER"]
[SourceTitle "CBM 195 Extra"]
[Source "ChessBase"]
[SourceDate "2020.05.31"]
[SourceVersion "1"]
[SourceVersionDate "2020.05.31"]
[SourceQuality "1"]

1. e4 c5 2. Nf3 Nc6 3. d4 cxd4 4. Nxd4 Nf6 5. Nc3 e5 6. Ndb5 d6 7. Bg5 a6 8. Na3 b5 9. Nd5 Be7 10. Bxf6 Bxf6 11. c3 Bg5 12. Nc2 Rb8 13. Nce3 0-0 14. h4 Bh6 15. g3 g6 16. Bg2 Be6 17. 0-0 a5 18. Re1 b4 19. Qa4 Ne7 20. Qxa5 Qxa5 0-1

[Event "GER-ch Net blitz qual3"]
[Site "Playchess.com INT"]
[Date "2020.03.21"]
[Round "8"]
[White "Boder, Jan"]
[Black "Grabow, Carsten"]
[Result "1-0"]
[WhiteElo "2103"]
[BlackElo "2067"]
[PlyCount "99"]
[EventDate "2020.03.21"]
[EventType "swiss (blitz)"]
[EventRounds "9"]
[EventCountry "GER"]
[SourceTitle "CBM 195 Extra"]
[Source "ChessBase"]
[SourceDate "2020.05.31"]
[SourceVersion "1"]
[SourceVersionDate "2020.05.31"]
[SourceQuality "1"]

1. c4 Nf6 2. g3 d5 3. cxd5 Nxd5 4. Bg2 g6 5. Nc3 c6 6. Nf3 Bg7 7. 0-0 0-0 8. d3 Nxc3 9. bxc3 Bxc3 10. Bh6 Bg7 11. Bxg7 Kxg7 12. Qb3 Qb6 13. Qc3+ f6 14. Rab1 Qc7 15. Rfc1 e5 16. d4 e4 17. Nd2 f5 18. f3 exf3 19. Bxf3 Kg8 20. d5 Bd7 21. Nb3 Qb6+ 22. Nd4 Qd8 23. dxc6 Bxc6 24. Nxc6 Nxc6 25. Rd1 Qf6 26. Qb3+ Kg7 27. Qxb7+ Ne7 28. Rd7 Rae8 29. Qxa7 Rf7 30. Rbb7 Kf8 31. Bd5 Rg7 32. Bf3 h5 33. Qe3 h4 34. Qh6 hxg3 35. hxg3 Qa1+ 36. Kg2 Qf6 37. Qh8+ Ng8 38. Qxg7+ Qxg7 39. Rxg7 Re7 40. Rbxe7 Nxe7 41. Rxe7 Kxe7 42. a4 Kd6 43. a5 Kc5 44. a6 Kb6 45. Bb7 g5 46. Kf3 Ka7 47. e4 fxe4+ 48. Kxe4 Kb6 49. Kf5 Ka7 50. Kxg5 1-0

[Event "GER-ch Net blitz qual3"]
[Site "Playchess.com INT"]
[Date "2020.03.21"]
[Round "4"]
[White "Grabow, Carsten"]
[Black "Hartewig, Anja"]
[Result "1-0"]
[WhiteElo "2067"]
[BlackElo "1757"]
[PlyCount "45"]
[EventDate "2020.03.21"]
[EventType "swiss (blitz)"]
[EventRounds "9"]
[EventCountry "GER"]
[SourceTitle "CBM 195 Extra"]
[Source "ChessBase"]
[SourceDate "2020.05.31"]
[SourceVersion "1"]
[SourceVersionDate "2020.05.31"]
[SourceQuality "1"]

1. e4 d6 2. d4 Nf6 3. Bd3 g6 4. Qe2 Bg7 5. c3 0-0 6. h3 Nbd7 7. f4 c5 8. Nf3 Qa5 9. 0-0 cxd4 10. cxd4 Nh5 11. Qf2 Qb6 12. Nc3 e5 13. Nd5 Qd8 14. dxe5 dxe5 15. f5 Nhf6 16. Nc3 Qb6 17. Be3 Qa5 18. g4 Qb4 19. g5 Nh5 20. Nd5 Qd6 21. f6 Bh8 22. Rad1 Nb6 23. Ne7+ 1-0

[Event "Oberliga Nord W 1112"]
[Site "Germany"]
[Date "2012.02.05"]
[Round "6.6"]
[White "Grabow, Carsten"]
[Black "Hoellmann, Ludger"]
[Result "1/2-1/2"]
[WhiteElo "2103"]
[BlackElo "2143"]
[PlyCount "90"]
[EventDate "2011.10.02"]
[EventType "team-tourn"]
[EventRounds "9"]
[EventCountry "GER"]
[SourceTitle "EXT 2013"]
[Source "ChessBase"]
[SourceDate "2012.11.22"]
[SourceVersion "1"]
[SourceVersionDate "2012.11.22"]
[SourceQuality "1"]
[WhiteTeam "Uelzen Post"]
[BlackTeam "Nordhorn Blanke"]
[WhiteTeamCountry "GER"]
[BlackTeamCountry "GER"]

1. e4 e6 2. d4 d5 3. Nd2 Be7 4. Ngf3 Nf6 5. e5 Nfd7 6. Bd3 c5 7. c3 Nc6 8. Bc2 0-0 9. 0-0 f6 10. exf6 Bxf6 11. Nb3 c4 12. Nbd2 e5 13. dxe5 Ndxe5 14. Nxe5 Bxe5 15. Qh5 g6 16. Qe2 b5 17. Rd1 Qc7 18. Nf1 d4 19. Be4 d3 20. Qe3 Bd7 21. Qc5 Rab8 22. Bh6 Rfe8 23. g3 Ne7 24. Qxc7 Bxc7 25. Ne3 Be6 26. a3 a6 27. Kg2 Kf7 28. Bf3 Ng8 29. Nd5 Bd6 30. Be3 Nf6 31. Nb4 Bxb4 32. axb4 Bd5 33. Rxa6 Bxf3+ 34. Kxf3 h5 35. Ra7+ Re7 36. Rda1 Rbb7 37. Rxb7 Rxb7 38. h3 Nd5 39. Bd2 Nb6 40. Ra6 Na4 41. Bc1 Rd7 42. Bd2 Rb7 43. Bc1 Rd7 44. Bd2 Rb7 45. Bc1 Rd7 1/2-1/2

[Event "BL2-Nord 0809"]
[Site "Germany"]
[Date "2009.02.01"]
[Round "6.4"]
[White "Thormann, Wolfgang"]
[Black "Grabow, Carsten"]
[Result "1-0"]
[WhiteElo "2275"]
[BlackElo "2130"]
[PlyCount "61"]
[EventDate "2008.10.05"]
[EventType "team-tourn"]
[EventRounds "9"]
[EventCountry "GER"]
[SourceTitle "CBM 129 Extra"]
[Source "ChessBase"]
[SourceDate "2009.05.05"]
[SourceVersion "2"]
[SourceVersionDate "2009.05.20"]
[SourceQuality "1"]
[WhiteTeam "Oberschoeneweide"]
[BlackTeam "Uelzen Post"]
[WhiteTeamCountry "GER"]
[BlackTeamCountry "GER"]

1. d4 Nf6 2. Nf3 g6 3. Bg5 Ne4 4. Bh4 Bg7 5. Nbd2 d5 6. c3 0-0 7. e3 Nd7 8. Qb3 Ndf6 9. Rd1 b6 10. Nxe4 Nxe4 11. Ne5 g5 12. Bg3 Bb7 13. Bd3 a5 14. Qc2 f6 15. f3 fxe5 16. fxe4 exd4 17. cxd4 dxe4 18. Bxe4 Bxe4 19. Qxe4 Qd7 20. h4 g4 21. h5 Rad8 22. h6 Bf6 23. 0-0 Kh8 24. Rc1 Qd5 25. Qxd5 Rxd5 26. Rxc7 Rh5 27. Be5 Rxh6 28. Rxe7 Kg8 29. Re6 Kg7 30. Rfxf6 Rhxf6 31. Rxb6 1-0

[Event "Niedersachsen-ch"]
[Site "Verden"]
[Date "2006.01.06"]
[Round "3"]
[White "Sawatzki, Frank"]
[Black "Grabow, Carsten"]
[Result "1-0"]
[WhiteElo "2375"]
[BlackElo "2176"]
[PlyCount "23"]
[EventDate "2006.01.??"]
[EventType "swiss"]
[EventRounds "7"]
[EventCountry "GER"]
[SourceTitle "CBM 110 Extra"]
[Source "ChessBase"]
[SourceDate "2006.03.10"]
[SourceVersion "2"]
[SourceVersionDate "2006.03.10"]
[SourceQuality "1"]

1. e4 c5 2. Nf3 Nc6 3. Bb5 e6 4. 0-0 Nge7 5. c3 a6 6. Ba4 d5 7. exd5 Qxd5 8. d4 b5 9. c4 bxc4 10. Nc3 Qd7 11. Ne5 Qc7 12. Qf3 1-0

[Event "Niedersachsen-ch"]
[Site "Verden"]
[Date "2006.01.05"]
[Round "1"]
[White "Grabow, Carsten"]
[Black "Kyas, Marcel"]
[Result "1-0"]
[WhiteElo "2176"]
[BlackElo "1604"]
[PlyCount "61"]
[EventDate "2006.01.??"]
[EventType "swiss"]
[EventRounds "7"]
[EventCountry "GER"]
[SourceTitle "CBM 110 Extra"]
[Source "ChessBase"]
[SourceDate "2006.03.10"]
[SourceVersion "2"]
[SourceVersionDate "2006.03.10"]
[SourceQuality "1"]

1. e4 c5 2. Nf3 Nc6 3. d4 cxd4 4. Nxd4 d6 5. Nc3 g6 6. Be3 Bg7 7. Qd2 Nf6 8. f3 Bd7 9. 0-0-0 Rc8 10. g4 Ne5 11. h4 h5 12. g5 Nh7 13. f4 Nc4 14. Bxc4 Rxc4 15. Qd3 Rc8 16. f5 0-0 17. Rhf1 a6 18. Nd5 b5 19. f6 exf6 20. gxf6 Nxf6 21. Bg5 Be6 22. Bxf6 Bxf6 23. Nxf6+ Kg7 24. Qg3 Qa5 25. Nxe6+ fxe6 26. Nxh5+ Kh7 27. Nf6+ Kg7 28. Qxd6 Rf7 29. Nh5+ gxh5 30. Rxf7+ Kxf7 31. Qd7+ 1-0